Science& Ideology : in the policy sciences. (Record no. 619485)

MARC details
000 -LEADER
fixed length control field 00517nam a2200181 a 4500
008 - FIXED-LENGTH DATA ELEMENTS--GENERAL INFORMATION
fixed length control field 260416s2026##################000#0#eng##
020 ## - INTERNATIONAL STANDARD BOOK NUMBER
ISBN 9780202308159
Paper back/Hardbound pbk
041 ## - LANGUAGE CODE
Language code of text/sound track or separate title Eng
082 04 - DEWEY DECIMAL CLASSIFICATION NUMBER
Classification number 361.68 DIE
100 ## - MAIN ENTRY--AUTHOR NAME
Personal name Diesing, Paul.
245 10 - TITLE STATEMENT
Title Science& Ideology : in the policy sciences.
Statement of responsibility, etc / by Paul Diesing.
250 ## - EDITION STATEMENT
Edition statement 1st
260 ## - PUBLICATION, DISTRIBUTION, ETC. (IMPRINT)
Place of publication New York:
Name of publisher Aldine Publications,
Year of publication 1982.
300 ## - PHYSICAL DESCRIPTION
Number of Pages ix;460p.
Dimensions ;20 cm
650 ## - SUBJECT ADDED ENTRY--TOPICAL TERM
Topical Term Social Problems, Social Science.
942 ## - ADDED ENTRY ELEMENTS (KOHA)
Koha item type English Books
Holdings
Withdrawn status Lost status Damaged status Not for loan Home library Current library Shelving location Date acquired Full call number Accession Number Price effective from Koha item type
        Anna Centenary Library Anna Centenary Library 4TH FLOOR, A WING 16.04.2026 361.68 DIE 336039 16.04.2026 English Books

Find us on the map